000 00581cam a22001933a 4500
001 40753
003 PGUSA
005 20140828083918.0
008 120914s2012||||xxu|||||s|||||000 | eng d
040 _aPGUSA
_beng
042 _adc
245 1 4 _aThe Nursery, February 1881, Vol. XXIX :
_bA Monthly Magazine for Youngest Readers
_h[electronic resource] /
_cVarious
260 _bProject Gutenberg,
_c2012
506 _aPublic domain in the USA.
516 _aElectronic text
830 0 _aProject Gutenberg
_v40753
856 4 0 _uhttp://www.gutenberg.org/ebooks/40753
942 _cEB
999 _c270005
_d270005